3308-益田市(島根県)の駅 - Statistics

General Stats
  • This quiz has been taken 7 times
  • The average score is 4 of 7
Answer Stats
Answer % Correct
益田
100%
石見津田
57%
鎌手
43%
戸田小浜
43%
飯浦
43%
石見横田
43%
本俣賀
29%
No matching quizzes found
Score Distribution
Percent of People with Each Score
Percentile by Number Answered
Your Score History
You have not taken this quiz